Podział administracyjny Słowacji - Statystyki

Ogólne statystyki
  • Ten quiz został rozwiązany 208 razy
  • Średni wynik to 5 z 8
Statystyki odpowiedzi
Odpowiedź Ludność % Poprawnych
Kraj bratysławski 602 tys
95%
Kraj koszycki 791 tys
74%
Kraj preszowski 814 tys
57%
Kraj żyliński 688 tys
54%
Kraj Bańskobystrzycki 660 tys
51%
Kraj trnawski 554 tys
48%
Kraj nitrzański 689 tys
40%
Kraj trenczyński 594 tys
32%
Nie znaleziono quizów pasujących do podanych kryteriów
Rozkład punktacji
Procent ludzi z każdym wynikiem
Percentyl według liczby udzielonych odpowiedzi
Twoja historia wyników
Nie rozwiązałeś tego quizu